Đại Việt sử ký toàn thư Phần tiếp - Ba tập T.1 Bản kỷ tục biên (1676-1740)
Tìn hiểu văn bản sách Đại Việt sử ký bản kỷ tục biên. Ghi lại những sự kiện lịch sử Việt Nam thời phong kiến từ đời Lê Hy Tông (1676) cho đến Lê Y Tông (1740)
Gardado en:
| Autor Principal: | |
|---|---|
| Outros autores: | |
| Formato: | Libro |
| Idioma: | Vietnamese |
| Publicado: |
H.
Khoa học xã hội
1982
|
| Những chủ đề: | |
| Các nhãn: |
Engadir etiqueta
Sen Etiquetas, Sexa o primeiro en etiquetar este rexistro!
|
| Thư viện lưu trữ: | Mạng thư viện Đại học Đà Nẵng |
|---|
| LEADER | 01685nam a22004098a 4500 | ||
|---|---|---|---|
| 001 | 000009957 | ||
| 003 | 6155 | ||
| 005 | 20120326070346.0 | ||
| 008 | 111104s1982 b 000 0 vieod | ||
| 020 | |c 1100đ |d 5200b | ||
| 041 | 0 | |a vie | |
| 080 | |a 9(V)13 | ||
| 082 | |a 959.704782 |b NG-H | ||
| 084 | |a P |b Đ103V | ||
| 100 | 1 | |a Nguyễn Kim Hưng | |
| 245 | 1 | 0 | |a Đại Việt sử ký toàn thư |b Phần tiếp - Ba tập |c Nguyễn Kim Hưng, Ngô Thế Long dịch, chú thích, khảo chứng; Nguyễn Đổng Chi duyệt và hiệu đính |n T.1 |p Bản kỷ tục biên (1676-1740) |
| 260 | |a H. |b Khoa học xã hội |c 1982 | ||
| 300 | |a 252tr |c 19cm | ||
| 505 | |a T.1: Bản kỷ tục biên (1676-1740) | ||
| 520 | |a Tìn hiểu văn bản sách Đại Việt sử ký bản kỷ tục biên. Ghi lại những sự kiện lịch sử Việt Nam thời phong kiến từ đời Lê Hy Tông (1676) cho đến Lê Y Tông (1740) | ||
| 653 | |a 1976-1740 | ||
| 653 | |a Lịch sử trung đại | ||
| 653 | |a Triều Lê | ||
| 653 | |a Thời kỳ phong kiến | ||
| 700 | 1 | |a Ngô Thế Long |e Tác giả | |
| 773 | |t Đại Việt sử ký toàn thư |w 6156 | ||
| 910 | |a Nguyễn Thị Kim Oanh |d 4/11/2011 | ||
| OWN | |a LSP | ||
| AVA | |a UDN50 |b LSP |d 959.704782 NG-H |e available |t Error 5001 Not defined in file expand_doc_bib_avail. |f 3 |g 1 |h N |i 0 |k 1 | ||
| 999 | |a From the UDN01 | ||
| AVA | |a UDN50 |b LSP |d 959.704782 NG-H |e available |t Error 5001 Not defined in file expand_doc_bib_avail. |f 3 |g 1 |h N |i 0 |k 1 | ||
| TYP | |a Monograph | ||
| TYP | |a Printed language | ||
| 980 | |a Mạng thư viện Đại học Đà Nẵng | ||